000 00425pab a2200145 454500
008 180718b1986 xxu||||| |||| 00| 0 eng d
100 _aMishra, Jitendra M. and others
245 _aWomen managers in India and US
_bAn analysis in India and of attitudes, myths and skills (Part I)
260 _c1986
300 _a25-9.56
362 _aMar.
650 _aWomen as Executives
773 _aIndian Management
909 _a21020
999 _c21020
_d21020